000 00269nam a2200121Ia 4500
008 190216s9999||||xx |||||||||||||| ||und||
100 _aRanjit Singh
245 0 _aFruits
260 _bNational Book Trust India
_c1969
300 _a213p
650 _aBotany
942 _cBK
999 _c1134
_d1134